Italian Regions - Statistics

General Stats
  • This quiz has been taken 170 times
  • The average score is 15 of 20
Answer Stats
Answer % Correct
Lazio
91%
Sicilia
85%
Emilia-Romagna
81%
Lombardia
81%
Veneto
81%
Calabria
80%
Campania
76%
Toscana
76%
Liguria
74%
Umbria
73%
Valle d'Aosta
72%
Abruzzo
71%
Sardegna
71%
Trentino-Alto Adige
71%
Friuli-Venezia Giulia
70%
Puglia
70%
Marche
69%
Molise
68%
Piemonte
67%
Basilicata
65%
No matching quizzes found
Score Distribution
Percent of People with Each Score
Percentile by Number Answered
Your Score History
You have not taken this quiz